|
|
|
|
| LEADER |
00847nam a2200241 i 4500 |
| 001 |
c000241465 |
| 003 |
CARM |
| 005 |
00000000000000.0 |
| 008 |
840306s1976 ag 000 0 spa d |
| 019 |
1 |
|
|a 10216085
|5 LACONCORD2021
|
| 035 |
|
|
|a (OCoLC)38785280
|5 LACONCORD2021
|
| 041 |
0 |
|
|a spa
|
| 043 |
|
|
|a cl-----
|
| 082 |
0 |
4 |
|a 323.4098
|
| 100 |
1 |
|
|a Da Fonseca, Glenda.
|
| 245 |
1 |
0 |
|a Defensa de los derechos humanos /
|c Glenda da Fonseca, Waldo Villalpando.
|
| 260 |
|
|
|a Buenos Aires :
|b Tierra Nueva,
|c 1976.
|
| 300 |
|
|
|a 271p.
|
| 650 |
|
0 |
|a Civil rights
|z Latin America.
|
| 700 |
1 |
|
|a Villalpando, Waldo Luis.
|
| 852 |
8 |
|
|b CARM
|h A2:AQ12A0
|i A04129
|p 0360617
|f BK
|
| 999 |
f |
f |
|i 4ef2bf93-60fe-5d2a-96d2-4a5c8f85ce41
|s 3dd9b39f-3673-5576-89a3-b6135422013b
|
| 952 |
f |
f |
|p Can circulate
|a CAVAL
|b CAVAL
|c CAVAL
|d CARM 1 Store
|e A04129
|f A2:AQ12A0
|h Other scheme
|i book
|m 0360617
|